Southville International School and Colleges
Your cart is empty.
  • Cart
  • Lists
    Public lists list_1 View all
    Your lists Log in to create your own lists
  • Log in to your account
  • Your cookies
  • Search history
Southville International School and Colleges
  • Advanced search
  • Recent comments
  • Most popular
  • Libraries

Log in to your account

Log in with GOOGLE


If you do not have an external account, but do have a local account, you can still log in:

  1. Home
  2. MARC view: Art fundamentals :
Normal view MARC view ISBD view

Art fundamentals : (Record no. 305367)

[ view plain ]
MARC details
000 -LEADER
fixed length control field 01073cam a2200325 a 4500
001 - CONTROL NUMBER
control field 17030224
003 - CONTROL NUMBER IDENTIFIER
control field SISC
005 - DATE AND TIME OF LATEST TRANSACTION
control field 20161210151851.0
008 - FIXED-LENGTH DATA ELEMENTS--GENERAL INFORMATION
fixed length control field 111101s2013 nyua b 001 0 eng
010 ## - LIBRARY OF CONGRESS CONTROL NUMBER
LC control number 2011045559
020 ## - INTERNATIONAL STANDARD BOOK NUMBER
International Standard Book Number 9780073379272 (alk. paper)
020 ## - INTERNATIONAL STANDARD BOOK NUMBER
International Standard Book Number 9781259011993
020 ## - INTERNATIONAL STANDARD BOOK NUMBER
International Standard Book Number 0073379271 (alk. paper)
040 ## - CATALOGING SOURCE
Original cataloging agency DLC
Transcribing agency DLC
Modifying agency DLC
042 ## - AUTHENTICATION CODE
Authentication code pcc
050 00 - LIBRARY OF CONGRESS CALL NUMBER
Classification number N 7430
Item number .Oc21 2013
082 00 - DEWEY DECIMAL CLASSIFICATION NUMBER
Classification number 701/.8
100 ## - MAIN ENTRY--PERSONAL NAME
Personal name Ocvirk, Otto G.
245 00 - TITLE STATEMENT
Title Art fundamentals :
Remainder of title theory and practice /
Statement of responsibility, etc Otto G. Ocvirk (and 4 others).
250 ## - EDITION STATEMENT
Edition statement 12th edition.
260 ## - PUBLICATION, DISTRIBUTION, ETC. (IMPRINT)
Place of publication, distribution, etc New York, NY :
Name of publisher, distributor, etc McGraw-Hill,
Date of publication, distribution, etc 2013.
300 ## - PHYSICAL DESCRIPTION
Extent x, 323 pages :
Other physical details color illustrations ;
Dimensions 28 cm.
500 ## - GENERAL NOTE
General note Includes bibliographical references and index.
650 #0 - SUBJECT ADDED ENTRY--TOPICAL TERM
Topical term or geographic name as entry element Art
General subdivision Technique.
650 #0 - SUBJECT ADDED ENTRY--TOPICAL TERM
Topical term or geographic name as entry element Art.
700 1# - ADDED ENTRY--PERSONAL NAME
Personal name Ocvirk, Otto G.
906 ## - LOCAL DATA ELEMENT F, LDF (RLIN)
a 7
b cbc
c orignew
d 1
e ecip
f 20
g y-gencatlg
942 ## - ADDED ENTRY ELEMENTS (KOHA)
Source of classification or shelving scheme Library of Congress Classification
Koha item type Books
Call number prefix Foreign
Holdings
Withdrawn status Lost status Source of classification or shelving scheme Damaged status Home library Current library Shelving location Date acquired Source of acquisition Total Checkouts Full call number Barcode Date last seen Price effective from Koha item type
    Library of Congress Classification   College Library College Library Reserve Section 12/10/2016 Library Fund   N 7430 .Oc21 2013 C20822 12/10/2016 12/10/2016 Books

Art fundamentals :

APA

Ocvirk O. G., Ocvirk O. G., . (2013). Art fundamentals. New York, NY: McGraw-Hill.

Chicago

Ocvirk Otto G, Ocvirk Otto G, . 2013. Art fundamentals. New York, NY: McGraw-Hill.

Harvard

Ocvirk O. G., Ocvirk O. G., . (2013). Art fundamentals. New York, NY: McGraw-Hill.

MLA

Ocvirk Otto G, Ocvirk Otto G, . Art fundamentals. New York, NY: McGraw-Hill. 2013.

  • Place hold
  • Print
  • Cite
  • Add to your cart (remove)
  • Save record
    BIBTEX Dublin Core MARCXML MARC (non-Unicode/MARC-8) MARC (Unicode/UTF-8) MARC (Unicode/UTF-8, Standard) MODS (XML) RIS
  • More searches
    Search for this title in:
    Other Libraries (WorldCat) Other Databases (Google Scholar) Online Stores (Bookfinder.com) Open Library (openlibrary.org)

Exporting to Dublin Core...

SOUTHVILLE LIBRARY

Southville International School and Colleges Library

1281 Tropical Ave. Cor. Luxembourg St., BF Homes International, Las Pinas City

Tel. No. 8256374 / 252358 Loc. 117/146

Powered by Koha